[Event "XV Weekend A"]
[Site "Porto Sant'Elpidio ITA"]
[Date "2012.11.17"]
[Round "1"]
[White "Balzano, Filli"]
[Black "Rinaudo, Andrea"]
[WhiteElo "1903"]
[BlackElo "2095"]
[Result "1-0"]
[PlyCount "91"]
[EventDate "2012.11.17"]

1. e4 c5 2. c3 d5 3. exd5 Qxd5 4. d4 Nc6 5. Nf3 Bg4 6. Be2 e6 7. h3 Bh5 8. O-O
cxd4 9. cxd4 Nf6 10. Nc3 Qa5 11. Be3 Be7 12. Qb3 Qb4 13. Qxb4 Bxb4 14. g4 Bg6
15. Ne5 O-O 16. Nxc6 bxc6 17. Na4 Nd5 18. a3 Nxe3 19. fxe3 Bd2 20. Kf2 Bc2 21.
Bd1 Bg6 22. b4 Bd3 23. Be2 Bb5 24. Nc5 a5 25. Bxb5 cxb5 26. Ne4 axb4 27. Nxd2
bxa3 28. Rfb1 Rfb8 29. Rb4 h6 30. Ke2 Kf8 31. Ra2 Ke7 32. Nb1 Kd6 33. Rxa3 Rxa3
34. Nxa3 Kc6 35. Kd3 Rb7 36. Rb3 f6 37. Nc2 Ra7 38. Ra3 Rc7 39. Rc3+ Kd6 40.
Rxc7 Kxc7 41. Kc3 f5 42. Kb4 Kd6 43. e4 fxe4 44. Ne3 e5 45. d5 g6 46. Kxb5 1-0

[Event "XV Weekend A"]
[Site "Porto Sant'Elpidio ITA"]
[Date "2012.11.17"]
[Round "1"]
[White "Bruno, Fabio"]
[Black "Guglielmi, Dante"]
[WhiteElo "2424"]
[BlackElo "1930"]
[Result "1-0"]
[PlyCount "73"]
[EventDate "2012.11.17"]

1. d4 d5 2. Bf4 Nf6 3. e3 c5 4. c3 Qb6 5. Qb3 c4 6. Qc2 Nc6 7. Nd2 Bg4 8. b3
cxb3 9. axb3 e6 10. h3 Bf5 11. Bd3 Bxd3 12. Qxd3 Be7 13. Ngf3 O-O 14. O-O Rac8
15. Rfc1 Rfd8 16. Qb1 Bd6 17. Bg5 h6 18. Bxf6 gxf6 19. b4 Bb8 20. Qd3 f5 21.
Rab1 Kh8 22. Kf1 Rg8 23. g3 Bxg3 24. fxg3 Rxg3 25. Kf2 Rcg8 26. Rg1 Qc7 27. b5
Rxg1 28. Rxg1 Rxg1 29. Nxg1 Qh2+ 30. Kf1 Na5 31. c4 f4 32. cxd5 exd5 33. e4 Nc4
34. Nxc4 dxc4 35. Qxc4 f3 36. Qc8+ Kh7 37. Qf5+ 1-0

[Event "XV Weekend A"]
[Site "Porto Sant'Elpidio ITA"]
[Date "2012.11.17"]
[Round "1"]
[White "De Ciantis, David"]
[Black "Rinaudo, Sergio"]
[WhiteElo "1925"]
[BlackElo "2116"]
[Result "0-1"]
[PlyCount "90"]
[EventDate "2012.11.17"]

1. e4 e5 2. Nf3 Nf6 3. Nxe5 d6 4. Nf3 Nxe4 5. Nc3 Nf6 6. d4 d5 7. Bg5 Be7 8.
Bd3 Bg4 9. h3 Be6 10. O-O O-O 11. Qd2 Nbd7 12. Bf4 a6 13. Rae1 c5 14. Ng5 cxd4
15. Ne2 Bc5 16. b4 Ba7 17. Qc1 Qb6 18. a3 Rac8 19. Nf3 a5 20. Qb1 Ne4 21. Nexd4
Nc3 22. Qb2 Nc5 23. Qxc3 Nxd3 24. Qxd3 axb4 25. Nxe6 fxe6 26. axb4 Rxf4 27. c3
h6 28. Nd4 Rf6 29. Re2 Qa6 30. Qxa6 bxa6 31. Nxe6 Rxc3 32. Rd1 Bxf2+ 33. Kh2
Bg3+ 34. Kg1 Rb3 35. Nd8 Rxb4 36. Re8+ Rf8 37. Rxf8+ Kxf8 38. Ne6+ Kf7 39. Nd8+
Kg6 40. Nc6 Re4 41. Kf1 Kf6 42. Na5 Ke5 43. Nb3 Rb4 44. Nc5 Rf4+ 45. Kg1 Bf2+
0-1

[Event "XV Weekend A"]
[Site "Porto Sant'Elpidio ITA"]
[Date "2012.11.17"]
[Round "1"]
[White "Giobbi, Costantino"]
[Black "Ripa', Daniele"]
[WhiteElo "1845"]
[BlackElo "1993"]
[Result "0-1"]
[PlyCount "56"]
[EventDate "2012.11.17"]

1. d4 Nf6 2. Nf3 g6 3. c4 Bg7 4. Nc3 O-O 5. e4 d6 6. Be2 e5 7. O-O exd4 8. Nxd4
Re8 9. f3 Nc6 10. Nc2 Ne5 11. Bg5 h6 12. Bh4 g5 13. Bf2 Nh5 14. Ne3 c6 15. Rc1
Qf6 16. Nf5 Bxf5 17. exf5 Nf4 18. Qc2 b6 19. Rfe1 Rad8 20. Bf1 Nh5 21. Rcd1 g4
22. fxg4 Nxg4 23. Rxe8+ Rxe8 24. Qd2 Qxf5 25. Bd4 Bxd4+ 26. Qxd4 Re3 27. h3
Qf2+ 28. Kh1 Ng3# 0-1

[Event "XV Weekend A"]
[Site "Porto Sant'Elpidio ITA"]
[Date "2012.11.17"]
[Round "1"]
[White "Iori, Massimiliano"]
[Black "Medorini, Massimiliano"]
[WhiteElo "2013"]
[BlackElo "1859"]
[Result "1/2-1/2"]
[PlyCount "77"]
[EventDate "2012.11.17"]

1. d4 d5 2. Bf4 Nf6 3. e3 Nc6 4. Nf3 Bg4 5. h3 Bh5 6. Bb5 Bxf3 7. Qxf3 e6 8.
Nd2 Be7 9. O-O O-O 10. c3 Qd7 11. Bd3 Rfe8 12. Be5 Rad8 13. Rad1 Rf8 14. Bg3 g6
15. e4 Nh5 16. Rfe1 Nxg3 17. Qxg3 Rfe8 18. e5 Bf8 19. Nf3 Ne7 20. Re2 Rc8 21.
Nh2 Kh8 22. Ng4 Ng8 23. Re3 Bg7 24. Rde1 c5 25. Rf3 cxd4 26. cxd4 Qe7 27. a3 a6
28. Qf4 f5 29. exf6 Nxf6 30. Nxf6 Rf8 31. Nxd5 Qd8 32. Qg4 Rxf3 33. Qxf3 exd5
34. Qg4 Rc6 35. h4 h5 36. Qf4 Kh7 37. Qf7 Qxh4 38. Qxb7 Rf6 39. Re7 1/2-1/2

[Event "XV Weekend A"]
[Site "Porto Sant'Elpidio ITA"]
[Date "2012.11.17"]
[Round "1"]
[White "Marsili, Riccardo"]
[Black "Ricci, Alessio"]
[WhiteElo "2074"]
[BlackElo "1898"]
[Result "1-0"]
[PlyCount "67"]
[EventDate "2012.11.17"]

1. e4 Nf6 2. e5 Nd5 3. d4 d6 4. Bc4 Be6 5. Qe2 dxe5 6. dxe5 g6 7. Nf3 Bg7 8.
Ng5 O-O 9. Nxe6 fxe6 10. O-O Nc6 11. f4 Na5 12. Bd3 Nb4 13. Be4 Qd4+ 14. Kh1
Nd5 15. c3 Qc4 16. Bd3 Qc6 17. Bb5 Qb6 18. c4 a6 19. Ba4 Qb4 20. b3 b5 21. Ba3
bxa4 22. Bxb4 Nxb4 23. Nd2 Nc2 24. Rac1 Nd4 25. Qe3 Rfd8 26. Nf3 Nac6 27. Nxd4
Nxd4 28. Rfd1 c5 29. b4 Rdc8 30. bxc5 Nf5 31. Qa3 Rc6 32. g4 Nh6 33. h3 Rac8
34. Qxa4 1-0

[Event "XV Weekend A"]
[Site "Porto Sant'Elpidio ITA"]
[Date "2012.11.17"]
[Round "1"]
[White "Miandro, Steven"]
[Black "Sagripanti, Michele"]
[WhiteElo "1861"]
[BlackElo "2032"]
[Result "1/2-1/2"]
[PlyCount "50"]
[EventDate "2012.11.17"]

1. d4 Nf6 2. c4 c5 3. d5 d6 4. Nc3 g6 5. e4 Bg7 6. Bd3 O-O 7. h3 e6 8. Nf3 exd5
9. exd5 Re8+ 10. Be3 b5 11. cxb5 Bh6 12. O-O Bxe3 13. fxe3 Rxe3 14. Qd2 Qe7 15.
Rae1 Rxe1 16. Rxe1 Qf8 17. Qe3 Nbd7 18. Bc4 Bb7 19. Qd2 Re8 20. Rd1 Qe7 21. Re1
Qf8 22. Rd1 Ne5 23. Nxe5 Rxe5 24. a4 Qe7 25. a5 Kg7 1/2-1/2

[Event "XV Weekend A"]
[Site "Porto Sant'Elpidio ITA"]
[Date "2012.11.17"]
[Round "1"]
[White "Trasciatti, MIrko"]
[Black "Renzetti, Leonardo"]
[WhiteElo "1978"]
[BlackElo "1776"]
[Result "1-0"]
[PlyCount "25"]
[EventDate "2012.11.17"]

1. e4 e6 2. d4 d5 3. Nc3 Nf6 4. Bg5 Be7 5. e5 Nfd7 6. Bxe7 Qxe7 7. Qh5 Qb4 8.
O-O-O O-O 9. f4 f6 10. Bd3 g6 11. Bxg6 hxg6 12. Qxg6+ Kh8 13. Rd3 1-0

[Event "XV Weekend A"]
[Site "Porto Sant'Elpidio ITA"]
[Date "2012.11.17"]
[Round "1"]
[White "Viviani, Alessio"]
[Black "Coronel, Joshua"]
[WhiteElo "2105"]
[BlackElo "1905"]
[Result "1-0"]
[PlyCount "45"]
[EventDate "2012.11.17"]

1. d4 Nf6 2. c4 g6 3. Nc3 Bg7 4. e4 d6 5. f4 O-O 6. Nf3 c5 7. d5 e6 8. dxe6
fxe6 9. Be2 Nc6 10. O-O a6 11. Qd3 Qc7 12. Kh1 Rd8 13. Be3 Nb4 14. Qb1 d5 15.
e5 Ng4 16. Bg1 b6 17. a3 Nc6 18. Ng5 Nh6 19. cxd5 exd5 20. Qa2 c4 21. Nxd5 Rxd5
22. Bxc4 Qxe5 23. fxe5 1-0

[Event "XV Weekend A"]
[Site "Porto Sant'Elpidio ITA"]
[Date "2012.11.18"]
[Round "2"]
[White "Coronel, Joshua"]
[Black "Giobbi, Costantino"]
[WhiteElo "1905"]
[BlackElo "1845"]
[Result "1-0"]
[PlyCount "109"]
[EventDate "2012.11.17"]

1. e4 e6 2. d4 d5 3. Nc3 Bb4 4. e5 b6 5. a3 Bxc3+ 6. bxc3 Ba6 7. Bxa6 Nxa6 8.
Qg4 Ne7 9. Qxg7 Rg8 10. Qxh7 Rxg2 11. Nf3 Qd7 12. Ng5 O-O-O 13. Qh3 Rxg5 14.
Bxg5 Rg8 15. Bxe7 Qxe7 16. Qd3 Kb7 17. a4 c5 18. Ke2 Rg4 19. a5 c4 20. Qf3 Re4+
21. Kd1 b5 22. Rg1 Nc7 23. Rg7 Qh4 24. Qxf7 Rxd4+ 25. cxd4 Qxd4+ 26. Ke2 Qxe5+
27. Kf1 Qxa1+ 28. Kg2 Qe5 29. a6+ Kb6 30. Qg6 b4 31. h4 b3 32. cxb3 cxb3 33.
Rg8 Nxa6 34. Re8 Nc5 35. h5 Qe4+ 36. Qxe4 dxe4 37. h6 b2 38. Rb8+ Nb7 39. h7
b1=Q 40. h8=Q Qb5 41. Qd4+ Kc7 42. Rg8 Nd6 43. Qxa7+ Kc6 44. Qa8+ Kc5 45. Rg5+
Nf5 46. Qxe4 Qb3 47. Qe3+ Qxe3 48. fxe3 Kd6 49. Kf3 Ke7 50. Kf4 Kf6 51. e4 e5+
52. Kg4 Ne3+ 53. Kh5 Nc4 54. Rg6+ Ke7 55. Kg5 1-0

[Event "XV Weekend A"]
[Site "Porto Sant'Elpidio ITA"]
[Date "2012.11.18"]
[Round "2"]
[White "Medorini, Massimiliano"]
[Black "Miandro, Steven"]
[WhiteElo "1859"]
[BlackElo "1861"]
[Result "1-0"]
[PlyCount "88"]
[EventDate "2012.11.17"]

1. c4 e5 2. Nc3 Nf6 3. Nf3 Nc6 4. e3 Be7 5. d4 exd4 6. exd4 d5 7. cxd5 Nxd5 8.
Bb5 O-O 9. h3 Bb4 10. Bd2 Re8+ 11. Ne2 Bd7 12. O-O Bxd2 13. Qxd2 Qf6 14. Nc3
Nxc3 15. Qxc3 Qg6 16. d5 Nb8 17. Bxd7 Nxd7 18. Qxc7 Nb6 19. Rad1 Rad8 20. Qxb7
Rd7 21. Qc6 Qf5 22. d6 Rc8 23. Nd4 Qf6 24. Rfe1 h6 25. Qe4 Rxd6 26. Nf5 Rxd1
27. Rxd1 Kh8 28. Ne7 Rf8 29. b3 g6 30. Nc6 a6 31. Qb4 Rc8 32. Qxb6 Qxc6 33.
Rd8+ Kh7 34. Qxc6 Rxc6 35. Ra8 Kg7 36. Kf1 Re6 37. b4 Kf6 38. a4 Ke5 39. Ke2
Kd4+ 40. Kd2 Kc4 41. Rb8 h5 42. b5 axb5 43. axb5 Kc5 44. Kd3 Rd6+ 1-0

[Event "XV Weekend A"]
[Site "Porto Sant'Elpidio ITA"]
[Date "2012.11.18"]
[Round "2"]
[White "Renzetti, Leonardo"]
[Black "De Ciantis, David"]
[WhiteElo "1776"]
[BlackElo "1925"]
[Result "1-0"]
[PlyCount "103"]
[EventDate "2012.11.17"]

1. d4 Nf6 2. c4 c5 3. d5 e6 4. Nc3 exd5 5. cxd5 d6 6. e4 g6 7. Nf3 Bg7 8. Bd3
O-O 9. O-O Re8 10. Re1 Na6 11. a3 Nc7 12. Bf4 a6 13. a4 Nh5 14. Bg5 Bf6 15.
Bxf6 Qxf6 16. g3 Bg4 17. Be2 Rad8 18. Nd2 Bxe2 19. Qxe2 Qg7 20. Qd3 Nf6 21. f4
Nfxd5 22. Nxd5 Nxd5 23. Qxd5 Qxb2 24. Rab1 Qd4+ 25. Qxd4 cxd4 26. Rxb7 Rb8 27.
Rxb8 Rxb8 28. Rb1 Rc8 29. Kf2 Rc2 30. Ke2 Rc3 31. Rb3 Rc1 32. Rd3 Kf8 33. Rxd4
Ke7 34. Rc4 Ra1 35. Rd4 Ra2 36. Kd3 Ra3+ 37. Kc2 Ra1 38. Kb3 Re1 39. Kb4 Re2
40. Ka5 Rxh2 41. Kxa6 Rg2 42. Rd3 Rg1 43. a5 f6 44. Nc4 Rc1 45. Nxd6 Rc6+ 46.
Kb7 Rxd6 47. Rxd6 Kxd6 48. a6 Kc5 49. a7 Kd4 50. a8=Q Kxe4 51. Kc7+ Kf5 52. Qf3
1-0

[Event "XV Weekend A"]
[Site "Porto Sant'Elpidio ITA"]
[Date "2012.11.18"]
[Round "2"]
[White "Ricci, Alessio"]
[Black "Guglielmi, Dante"]
[WhiteElo "1898"]
[BlackElo "1930"]
[Result "1-0"]
[PlyCount "83"]
[EventDate "2012.11.17"]

1. d4 d5 2. Nf3 Nf6 3. e3 Bf5 4. c4 e6 5. cxd5 exd5 6. Qb3 b6 7. Nc3 Be7 8.
Bb5+ c6 9. Be2 O-O 10. O-O Qd6 11. a3 Nbd7 12. Nh4 Be6 13. Qc2 g6 14. h3 Rfc8
15. Ba6 Rd8 16. b4 Ne8 17. Nf3 Nc7 18. Bd3 c5 19. bxc5 bxc5 20. dxc5 Nxc5 21.
Nd4 Nxd3 22. Qxd3 Bf6 23. Nce2 Bc8 24. Bb2 Ba6 25. Qc2 Rdc8 26. Rfd1 Ne6 27.
Qd2 Nc5 28. Rab1 Nd3 29. Ba1 Rab8 30. Qa5 Rxb1 31. Rxb1 Bd8 32. Qa4 Bc7 33. Nf3
Nc5 34. Qd4 f6 35. Nf4 Bc4 36. Qxf6 Qxf6 37. Bxf6 Nb3 38. Be5 Bxe5 39. Nxe5 Nd2
40. Rb7 Ra8 41. Ne6 d4 42. Rg7+ 1-0

[Event "XV Weekend A"]
[Site "Porto Sant'Elpidio ITA"]
[Date "2012.11.18"]
[Round "2"]
[White "Rinaudo, Andrea"]
[Black "Iori, Massimiliano"]
[WhiteElo "2095"]
[BlackElo "2013"]
[Result "1/2-1/2"]
[PlyCount "81"]
[EventDate "2012.11.17"]

1. e4 e5 2. Nf3 Nf6 3. Nxe5 d6 4. Nf3 Nxe4 5. d4 d5 6. Bd3 Bd6 7. O-O O-O 8. c4
c6 9. Re1 Re8 10. Bxe4 dxe4 11. Ng5 h6 12. Nxe4 Bxh2+ 13. Kxh2 Qh4+ 14. Kg1
Rxe4 15. Nc3 Rxe1+ 16. Qxe1 Qd8 17. d5 cxd5 18. cxd5 Nd7 19. Bf4 Nf6 20. Qe5
Bd7 21. Rd1 Qe8 22. Qd6 Qd8 23. Be3 b6 24. Bd4 Ne8 25. Qg3 Qg5 26. Qxg5 hxg5
27. f3 f6 28. Kf2 Nd6 29. g4 Re8 30. Re1 Rxe1 31. Kxe1 Nb5 32. Ne2 Nc7 33. Nc3
Nb5 34. Nxb5 Bxb5 35. b3 Kf7 36. a4 Ba6 37. Kf2 Bb7 38. d6 Ke6 39. a5 bxa5 40.
Bxa7 Bd5 41. Bb6 1/2-1/2

[Event "XV Weekend A"]
[Site "Porto Sant'Elpidio ITA"]
[Date "2012.11.18"]
[Round "2"]
[White "Rinaudo, Sergio"]
[Black "Marsili, Riccardo"]
[WhiteElo "2116"]
[BlackElo "2074"]
[Result "1-0"]
[PlyCount "79"]
[EventDate "2012.11.17"]

1. d4 Nf6 2. Nf3 g6 3. Nbd2 c5 4. c3 Bg7 5. e4 cxd4 6. cxd4 O-O 7. Bd3 Nc6 8.
O-O d6 9. h3 Bd7 10. a3 a5 11. d5 Na7 12. Re1 Bb5 13. Bxb5 Nxb5 14. Qb3 Qd7 15.
Nc4 Ra6 16. a4 Na7 17. Bd2 Qc7 18. Rac1 Nd7 19. Nxa5 Nc5 20. Qc2 Qd7 21. b3 b5
22. b4 Nxa4 23. Qc7 Nb6 24. Qxd7 Nxd7 25. Rc7 Nb6 26. Be3 Nac8 27. Rec1 Ra8 28.
Bxb6 Nxb6 29. Rxe7 Nc4 30. Nxc4 Rfc8 31. Rd7 Ra6 32. Rc2 bxc4 33. Ng5 Be5 34.
g3 Rb6 35. Nxf7 Rxb4 36. Nxd6 Bxd6 37. Rxd6 c3 38. Rc6 Rxc6 39. dxc6 Rc4 40. f3
1-0

[Event "XV Weekend A"]
[Site "Porto Sant'Elpidio ITA"]
[Date "2012.11.18"]
[Round "2"]
[White "Ripa', Daniele"]
[Black "Bruno, Fabio"]
[WhiteElo "1993"]
[BlackElo "2424"]
[Result "0-1"]
[PlyCount "78"]
[EventDate "2012.11.17"]

1. e4 e6 2. d4 d5 3. e5 c5 4. c3 Qb6 5. Nf3 Nc6 6. a3 Nh6 7. b4 cxd4 8. cxd4
Nf5 9. Bb2 Bd7 10. g4 Nfe7 11. Nc3 Ng6 12. h4 h5 13. g5 Rc8 14. Na4 Qd8 15. Rc1
Nxb4 16. axb4 Bxb4+ 17. Nc3 Qa5 18. Qd2 O-O 19. Bd3 Rc6 20. Ng1 Nxe5 21. dxe5
d4 22. Bh7+ Kxh7 23. Qxd4 Rd8 24. Nge2 Be8 25. Qe4+ Kg8 26. Rh3 Rc5 27. Re3 Bc6
28. Qf4 Rcd5 29. Kf1 Rd2 30. Ba1 Bxc3 31. Nxc3 R8d4 32. Qg3 Qa6+ 33. Ke1 Rc2
34. Rxc2 Qxa1+ 35. Ke2 Bb5+ 36. Kf3 Qh1+ 37. Qg2 Bc6+ 38. Ne4 Qd1+ 39. Rce2
Rxe4 0-1

[Event "XV Weekend A"]
[Site "Porto Sant'Elpidio ITA"]
[Date "2012.11.18"]
[Round "2"]
[White "Sagripanti, Michele"]
[Black "Balzano, Filli"]
[WhiteElo "2032"]
[BlackElo "1903"]
[Result "1/2-1/2"]
[PlyCount "116"]
[EventDate "2012.11.17"]

1. e4 c6 2. d4 d5 3. Nc3 dxe4 4. Nxe4 Bf5 5. Ng3 Bg6 6. Nf3 Nd7 7. Bc4 e6 8.
O-O Ngf6 9. Qe2 Qc7 10. Re1 O-O-O 11. Bb3 Bd6 12. c4 c5 13. Be3 Kb8 14. a3 Nh5
15. Bc2 Nf4 16. Bxf4 Bxf4 17. Bxg6 hxg6 18. Rad1 Nf6 19. dxc5 Rxd1 20. Rxd1
Qxc5 21. b4 Qc7 22. Qd3 Rc8 23. c5 Nd5 24. Ne2 a5 25. Qc4 Bd6 26. Qb5 Be7 27.
Rc1 axb4 28. axb4 Qc6 29. Qxc6 Rxc6 30. Ne5 Rc8 31. Rb1 f5 32. Nxg6 Kc7 33. Nd4
Bf6 34. Nxe6+ Kd7 35. Nef4 Nc3 36. Re1 Ne4 37. Nd5 Rd8 38. Nxf6+ Nxf6 39. Re7+
Kc6 40. h3 Rd1+ 41. Kh2 Rd2 42. f3 Rd4 43. Rxg7 Rxb4 44. Ne7+ Kxc5 45. Nxf5 Rf4
46. Ne3 b5 47. Rc7+ Kd4 48. Nc2+ Kd3 49. Kg3 Rc4 50. Rb7 Nh5+ 51. Kh2 Rxc2 52.
Rxb5 Nf4 53. Kg3 Nxg2 54. h4 Ne3 55. h5 Rc1 56. h6 Rh1 57. Rb6 Nf5+ 58. Kg2
Rxh6 1/2-1/2

[Event "XV Weekend A"]
[Site "Porto Sant'Elpidio ITA"]
[Date "2012.11.18"]
[Round "2"]
[White "Trasciatti, Mirko"]
[Black "Viviani, Alessio"]
[WhiteElo "1978"]
[BlackElo "2105"]
[Result "0-1"]
[PlyCount "130"]
[EventDate "2012.11.17"]

1. e4 d6 2. d4 g6 3. c4 Nf6 4. Bd3 Bg7 5. Ne2 O-O 6. O-O e5 7. d5 a5 8. Nbc3
Na6 9. Bc2 Bd7 10. a3 Nh5 11. Ng3 Nf4 12. Rb1 h5 13. Nge2 Qf6 14. Nxf4 exf4 15.
Qf3 Bh6 16. h3 Rae8 17. Ne2 g5 18. Qxh5 Nc5 19. Qf3 Nxe4 20. Bxe4 Rxe4 21. Qxe4
Bf5 22. Qf3 Bxb1 23. Bd2 Qg6 24. Nd4 Bg7 25. Bc3 Be4 26. Qd1 Bd3 27. Re1 Bxc4
28. Qf3 Be5 29. b3 Ba6 30. a4 Qd3 31. Qxd3 Bxd3 32. Rd1 Be4 33. Bxa5 b6 34. Bc3
Bxd5 35. Nf5 Bxb3 36. Ne7+ Kh7 37. Rc1 c5 38. Bxe5 dxe5 39. a5 bxa5 40. Rxc5 a4
41. Ra5 f6 42. Nf5 Rf7 43. Nd6 Rc7 44. Ra6 Rc1+ 45. Kh2 Ra1 46. Ne4 a3 47.
Nxf6+ Kg7 48. Ne4 a2 49. Nc3 Bc4 50. Ra4 Bf7 51. Ra6 Rf1 52. Nxa2 Rxf2 53. Nc3
Rc2 54. Ra3 f3 55. Ne4 Rxg2+ 56. Kh1 Bd5 57. Ra7+ Kg6 58. h4 Bxe4 59. h5+ Kh6
60. Ra6+ Kh7 61. Ra7+ Kh8 62. h6 Rg4 63. Kh2 f2 64. Ra1 Rf4 65. h7 f1=Q 0-1

[Event "XV Weekend A"]
[Site "Porto Sant'Elpidio ITA"]
[Date "2012.11.18"]
[Round "3"]
[White "Balzano, Filli"]
[Black "Ripa', Daniele"]
[WhiteElo "1903"]
[BlackElo "1993"]
[Result "1-0"]
[PlyCount "75"]
[EventDate "2012.11.17"]

1. e4 c5 2. c3 Nf6 3. e5 Nd5 4. d4 cxd4 5. cxd4 e6 6. Nf3 b6 7. Bd3 Ba6 8. O-O
Be7 9. Bxa6 Nxa6 10. Bd2 O-O 11. Nc3 Nxc3 12. bxc3 d5 13. Qe2 Nc7 14. a4 Qd7
15. Rfb1 Rab8 16. Qd3 h6 17. h3 Rfc8 18. Nh2 Bf8 19. Ng4 h5 20. Nh2 Qd8 21. Qf3
Qh4 22. Bf4 g6 23. Qe3 Qe7 24. g4 hxg4 25. Bg5 Qd7 26. Nxg4 Ne8 27. Bf6 Qc7 28.
Qg5 Qxc3 29. Qh4 Bg7 30. Nh6+ Kh7 31. Nxf7+ Kg8 32. Ng5 Qd3 33. Qh7+ Kf8 34.
Nxe6+ Kf7 35. Nxg7 Nxg7 36. Qxg7+ Ke6 37. Qe7+ Kf5 38. Qd7+ 1-0

[Event "XV Weekend A"]
[Site "Porto Sant'Elpidio ITA"]
[Date "2012.11.18"]
[Round "3"]
[White "Bruno, Fabio"]
[Black "Rinaudo, Sergio"]
[WhiteElo "2424"]
[BlackElo "2116"]
[Result "1-0"]
[PlyCount "87"]
[EventDate "2012.11.17"]

1. c4 e5 2. b3 Nf6 3. Bb2 Nc6 4. g3 d5 5. Bg2 Bc5 6. cxd5 Nxd5 7. a3 O-O 8. Qc2
Bd4 9. Nc3 Be6 10. Nf3 f5 11. d3 e4 12. dxe4 Nxc3 13. Nxd4 Qxd4 14. Qxc3 Qxc3+
15. Bxc3 fxe4 16. Bxe4 a5 17. Rb1 a4 18. b4 Rae8 19. f3 Bb3 20. O-O Na7 21. Bd3
Rd8 22. Bb2 c6 23. Rbc1 Rd5 24. Rc5 Rfd8 25. Rxd5 Rxd5 26. Rc1 Rd7 27. Kf2 Nb5
28. h4 Nc7 29. h5 Rd5 30. Rh1 h6 31. Be4 Rd2 32. Bc1 Rd7 33. Bf5 Rd8 34. Bd3
Ne6 35. Be3 Kf7 36. Rc1 Ke7 37. g4 Kd7 38. Bb6 Rf8 39. Bf5 Kc8 40. Rc3 Kb8 41.
Rd3 Re8 42. Rd7 Rf8 43. e4 Kc8 44. Re7 1-0

[Event "XV Weekend A"]
[Site "Porto Sant'Elpidio ITA"]
[Date "2012.11.18"]
[Round "3"]
[White "Giobbi, Costantino"]
[Black "De Ciantis, David"]
[WhiteElo "1845"]
[BlackElo "1925"]
[Result "0-1"]
[PlyCount "68"]
[EventDate "2012.11.17"]

1. e4 c5 2. Nc3 Nc6 3. f4 g6 4. Bc4 e6 5. Nf3 Bg7 6. O-O Nge7 7. d3 O-O 8. f5
exf5 9. Qe1 a6 10. Qh4 b5 11. Bb3 Bb7 12. Bh6 c4 13. dxc4 bxc4 14. Bxc4 Qb6+
15. Kh1 Qxb2 16. Nd5 Bxh6 17. Qxh6 Qg7 18. Qh4 fxe4 19. Nf6+ Kh8 20. Ng5 h6 21.
Nxd7 Nf5 22. Qh3 Na5 23. Nxf8 Nxc4 24. Nd7 f6 25. Rab1 Bc8 26. Nb6 Nxb6 27.
Rxb6 fxg5 28. Rfb1 e3 29. Qf3 Ra7 30. Qc6 Ne7 31. Qc5 e2 32. Rb8 Rd7 33. Rxc8+
Nxc8 34. Qxc8+ Kh7 0-1

[Event "XV Weekend A"]
[Site "Porto Sant'Elpidio ITA"]
[Date "2012.11.18"]
[Round "3"]
[White "Guglielmi, Dante"]
[Black "Rinaudo, Andrea"]
[WhiteElo "1930"]
[BlackElo "2095"]
[Result "1-0"]
[PlyCount "101"]
[EventDate "2012.11.17"]

1. c4 e5 2. Nc3 Nc6 3. g3 g6 4. Bg2 Bg7 5. e3 d6 6. Nge2 Nge7 7. O-O O-O 8. Rb1
a5 9. a3 Be6 10. Nd5 f5 11. d3 Ra7 12. Nec3 Bxd5 13. cxd5 Nb8 14. Nb5 Ra6 15.
Qc2 c6 16. dxc6 bxc6 17. Nc3 Nd7 18. b4 axb4 19. axb4 Qc8 20. Qb3+ d5 21. e4
Kh8 22. exd5 cxd5 23. Nxd5 Nc6 24. Be3 Nd4 25. Bxd4 exd4 26. Rbc1 Qb8 27. Ra1
Rxa1 28. Rxa1 Rc8 29. Nf4 Rc3 30. Qb2 Nb6 31. Nd5 Nxd5 32. Bxd5 Qd6 33. Bc4 h5
34. b5 f4 35. Qe2 Kh7 36. Ra6 Qd7 37. Qe4 Qg4 38. Qxf4 Qd1+ 39. Kg2 Rc1 40. Qg5
Qf1+ 41. Kf3 Qd1+ 42. Ke4 Qe2+ 43. Kd5 Qf3+ 44. Kd6 Bf8+ 45. Kc7 Qxd3 46. Qxc1
Qe4 47. Qg5 d3 48. Qd5 Qe8 49. Qf7+ Qxf7+ 50. Bxf7 d2 51. Bxg6+ 1-0

[Event "XV Weekend A"]
[Site "Porto Sant'Elpidio ITA"]
[Date "2012.11.18"]
[Round "3"]
[White "Iori, Massimiliano"]
[Black "Sagripanti, Michele"]
[WhiteElo "2013"]
[BlackElo "2032"]
[Result "0-1"]
[PlyCount "104"]
[EventDate "2012.11.17"]

1. d4 Nf6 2. Bf4 c5 3. e3 g6 4. Nf3 Bg7 5. c3 b6 6. Nbd2 Bb7 7. Be2 O-O 8. O-O
d6 9. h3 Nbd7 10. Re1 Re8 11. Qc2 e5 12. dxe5 dxe5 13. Bg5 e4 14. Nh2 Qe7 15.
Ng4 Rad8 16. Rad1 h5 17. Nxf6+ Bxf6 18. Bxf6 Qxf6 19. Bb5 Bc6 20. Qa4 Bxb5 21.
Qxb5 Qe6 22. Nc4 Nf6 23. Qb3 g5 24. Nd2 Rd5 25. Nf1 Red8 26. Rxd5 Rxd5 27. Qa4
Rd7 28. Qa6 h4 29. a3 c4 30. Qb5 Qd5 31. Qxd5 Rxd5 32. Re2 b5 33. Rd2 Rd3 34.
Rxd3 exd3 35. Nd2 Nd5 36. Kf1 Kg7 37. Ke1 f5 38. a4 a6 39. axb5 axb5 40. Nf3
Kf6 41. Kd2 Nc7 42. Nd4 g4 43. f3 gxh3 44. gxh3 Ke5 45. f4+ Ke4 46. b3 Nd5 47.
b4 Nxe3 48. Nxb5 Kxf4 49. Nd6 Ke5 50. Nf7+ Kf6 51. Kxe3 Kxf7 52. b5 Ke7 0-1

[Event "XV Weekend A"]
[Site "Porto Sant'Elpidio ITA"]
[Date "2012.11.18"]
[Round "3"]
[White "Marsili, Riccardo"]
[Black "Trasciatti, Mirko"]
[WhiteElo "2074"]
[BlackElo "1978"]
[Result "1-0"]
[PlyCount "130"]
[EventDate "2012.11.17"]

1. c4 e6 2. g3 f5 3. Bg2 Nf6 4. Nf3 Be7 5. O-O O-O 6. b3 d6 7. Bb2 Nc6 8. d4 d5
9. Nbd2 Ne4 10. Ne1 Bg5 11. Ndf3 Bh6 12. Nd3 Bd7 13. Nfe5 Nxe5 14. Nxe5 Be8 15.
Qd3 Ng5 16. Rad1 c6 17. f3 Bh5 18. g4 fxg4 19. fxg4 Be8 20. Rxf8+ Kxf8 21. Rf1+
Kg8 22. h4 Ne4 23. g5 Bxg5 24. hxg5 Qxg5 25. Bc1 Qh4 26. Qh3 Qe7 27. Qg4 h5 28.
Ng6 Bxg6 29. Qxg6 Rf8 30. Rxf8+ Kxf8 31. Bxe4 dxe4 32. Qxe4 Qb4 33. Qf4+ Kg8
34. Bd2 Qe7 35. c5 Qe8 36. Qg5 Qd7 37. Qe5 b6 38. cxb6 axb6 39. Qb8+ Kh7 40.
Qxb6 e5 41. Qc5 Qg4+ 42. Kf2 exd4 43. Qg5 Qe6 44. Qxh5+ Kg8 45. Qf3 c5 46. Ke1
Kh8 47. Qh5+ Kg8 48. Qxc5 Qg4 49. Qd5+ Kh7 50. Kd1 Qg1+ 51. Kc2 Qg4 52. Qf3
Qc8+ 53. Kb2 Qc5 54. Qh3+ Kg8 55. Qe6+ Kh7 56. Qc4 Qe5 57. Qd3+ Kg8 58. Be1 Qf6
59. a4 g5 60. a5 g4 61. a6 Qe7 62. Bf2 g3 63. Qxg3+ Kf7 64. Qd3 Ke8 65. Bxd4
Qe6 1-0

[Event "XV Weekend A"]
[Site "Porto Sant'Elpidio ITA"]
[Date "2012.11.18"]
[Round "3"]
[White "Miandro, Steven"]
[Black "Renzetti, Leonardo"]
[WhiteElo "1861"]
[BlackElo "1776"]
[Result "1-0"]
[PlyCount "67"]
[EventDate "2012.11.17"]

1. c4 Nf6 2. d4 c5 3. d5 e6 4. Nc3 exd5 5. cxd5 d6 6. e4 g6 7. f4 Nfd7 8. Nf3
Bg7 9. Be2 O-O 10. O-O a6 11. a4 Re8 12. Qc2 Qc7 13. Be3 Nf6 14. Kh1 Nbd7 15.
Bg1 Re7 16. Rad1 Ne8 17. e5 b6 18. Rd2 dxe5 19. d6 Nxd6 20. Nd5 Qd8 21. Nxe7+
Qxe7 22. fxe5 Nxe5 23. Nxe5 Qxe5 24. Bf3 Bf5 25. Qd1 Rd8 26. Rd5 Qe7 27. a5 Be6
28. Re1 Qf8 29. Rd2 Bf6 30. axb6 Be7 31. Bxc5 h6 32. b4 Kh7 33. b7 Rd7 34. Bc6
1-0

[Event "XV Weekend A"]
[Site "Porto Sant'Elpidio ITA"]
[Date "2012.11.18"]
[Round "3"]
[White "Ricci, Alessio"]
[Black "Coronel, Joshua"]
[WhiteElo "1898"]
[BlackElo "1905"]
[Result "1-0"]
[PlyCount "65"]
[EventDate "2012.11.17"]

1. d4 Nf6 2. Nf3 g6 3. c4 Bg7 4. e3 O-O 5. Be2 d6 6. Nc3 Nbd7 7. O-O e5 8. dxe5
dxe5 9. Qc2 c6 10. Rd1 Qc7 11. e4 a5 12. Na4 Re8 13. h3 Nh5 14. c5 Nf4 15. Bc4
b5 16. cxb6 Nxb6 17. Nxb6 Qxb6 18. Be3 Qb7 19. Ng5 Ne6 20. Nxe6 Bxe6 21. Bxe6
Rxe6 22. Rd3 Rb8 23. Rad1 Ree8 24. b3 Bf6 25. Rd6 Re6 26. Rxe6 fxe6 27. Qc4 Qf7
28. Qxc6 Rf8 29. Rd7 Be7 30. Qc7 Re8 31. Bc5 Kf8 32. Qxe5 Rc8 33. Qh8+ 1-0